| 000 | 005240000a22001810004500 | ||
|---|---|---|---|
| 003 | MACL | ||
| 005 | 20160214114521.0 | ||
| 008 | 160214b xxu||||| |||| 00| 0 eng d | ||
| 040 |
_aMACL _cMACL |
||
| 041 | _aHindi | ||
| 082 | _a330 | ||
| 100 |
_aश्रीवास्तव बालचन्द्र _938335 |
||
| 245 | _aबीमा के तत्तव | ||
| 260 |
_bसाहित्य भवन _c1982 _aआगरा |
||
| 350 | _a18 | ||
| 650 |
_aEconomics _938336 |
||
| 942 |
_cHIN _k330 _2ddc |
||
| 999 |
_c28152 _d28152 |
||